Statistiques concernant Verbes irréguliers-page 1

Cliquez ici pour prendre le quiz!

Statistiques générales

  • Ce quiz a été pris 29 fois
  • Le résultat moyen est 38 sur 64

Statistiques - réponses

InfinitifPrétéritParticipe passéTraduction% Correct
bewaswereêtre
100%
becomebecamebecomedevenir
92%
beatbeatbeatenbattre
88%
drinkdrankdrunkboire
88%
breakbrokebrokencasser
88%
havehadhadavoir
85%
choosechosechosenchoisir
85%
beginbeganbeguncommencer
85%
drivedrovedrivenconduire
85%
leadledledconduire
85%
buildbuiltbuiltconstruire
85%
cutcutcutcouper
85%
givegavegivendonner
85%
eatateeatenmanger
85%
fallfellfallentomber
85%
buyboughtboughtacheter
81%
costcostcostcoûter
81%
drawdrewdrawndessiner
81%
dodiddonefaire
81%
bitebitbittenmordre
81%
forgetforgotforgottenoublier
81%
dreamdreamtdreamtrêver
81%
findfoundfoundtrouver
81%
comecamecomevenir
81%
flyflewflownvoler
81%
gowentgonealler
77%
burnburntburntbrûler
77%
hidehidhiddencacher
77%
freezefrozefrozengeler
77%
feedfedfednourrir
77%
knowknewknownsavoir
77%
learnlearntlearntapprendre
73%
catchcaughtcaughtattraper
73%
hearheardheardentendre
73%
feelfeltfeltsentir
73%
bleedbledbledsaigner
65%
holdheldheldtenir
65%
keepkeptkeptgarder
62%
bringbroughtbroughtapporter
58%
hithithitfrapper
58%
getgetgetobtenir
58%
blowblewblownsouffler
58%
fightfoughtfoughtcombattre
54%
forgiveforgaveforgivenpardonner
54%
digdugdugcreuser
50%
forbidforbadforbiddeninterdire
50%
leaveleftleftquitter
50%
betbetbetparier
46%
awakeawokeawoken(se) réveiller
46%
hanghunghungpendre
27%
growgrewgrownpousser
27%
bearborebornesupporter
23%
lendlentlentprêter
19%
burstburstburstéclater
12%
kneelkneltknelts'agenouiller
12%
dealdealtdealtdistribuer
4%
hurthurthurtfaire mal
4%
flingflungflunglancer
4%
bendbentbent(se) courber
4%
breedbredbredélever, donner naissance
0%
laylaidlaidplacer
0%
leanleantleants'appuyer
0%
leapleaptleaptsauter
0%
broadcastbroadcastbroadcasttransmettre
0%

Distribution des résultats

Percentile par nombre de réponses

% des personnes avec chaque résultat

Votre développement - résultats

Vous n’avez pas pris ce quiz